LEADER 00915nam0-22003251i-450- 001 990006873850403321 005 20001010 035 $a000687385 035 $aFED01000687385 035 $a(Aleph)000687385FED01 035 $a000687385 100 $a20001010d--------km-y0itay50------ba 101 0 $aita 105 $ay-------001yy 200 1 $a<>sopraprezzo delle azioni$fGuido Mucciarelli. 210 $aMilano$cA. Giuffrè$d1997. 215 $aVI, 442 p.$d24 cm 225 1 $aMR$v19 225 1 $aCollana della Rivista delle società. Monografie e raccolte di studi 610 0 $aAzioni sociali 676 $a346.450922 700 1$aMucciarelli,$bGuido$0253805 801 0$aIT$bUNINA$gRICA$2UNIMARC 901 $aBK 912 $a990006873850403321 952 $aCOLLEZ. 1525 (19)$b33694$fFSPBC 959 $aFSPBC 996 $aSopraprezzo delle azioni$9625131 997 $aUNINA DB $aGEN01 LEADER 01003cam2-2200373---450 001 990001786390403321 005 20200728115930.0 010 $a88-7019-678-X 035 $a000178639 035 $aFED01000178639 035 $a(Aleph)000178639FED01 035 $a000178639 100 $a20030910d1994----km-y0itay50------ba 101 0 $aita 102 $aIT 105 $aa 001yy 200 1 $aColeoptera - Elateridae$fGiuseppe Platia 210 $aBologna$cCalderini$d1994 215 $aXIV, 429 p.$cill.$d24 cm 461 0$1001000164472$12001$aFauna d'Italia$v33 610 0 $aColeoptera 610 0 $aElateridae 676 $a595.76 676 $a591.945$v23$zita 700 1$aPlatia,$bGiuseppe$063391 801 0$aIT$bUNINA$gRICA$2UNIMARC 901 $aBK 912 $a990001786390403321 952 $a60 591.945 FAUITA (033)$b5092$fFAGBC 952 $a15 VI 1 (33$b2093$fDBV 959 $aFAGBC 959 $aDBV 996 $aColeoptera - Elateridae$9407840 997 $aUNINA